Exportação concluída — 

The industrial structure in the year 2000

Đã lưu trong:
Bibliografiske detaljer
Hovedforfatter: Hisao, Kanamori
Format: Bog
Sprog:Undetermined
Udgivet: Japan 1987
Fag:
Tags: Tilføj Tag
Ingen Tags, Vær først til at tagge denne postø!
Thư viện lưu trữ: Trung tâm Học liệu Trường Đại học Cần Thơ
LEADER 00456nam a2200169Ia 4500
001 CTU_99687
008 210402s9999 xx 000 0 und d
082 |a 338.4 
082 |b K16 
100 |a Hisao, Kanamori 
245 4 |a The industrial structure in the year 2000 
245 0 |c Hisao Kanamori 
260 |a Japan 
260 |c 1987 
650 |a Industrial organization 
904 |i Tuyến 
980 |a Trung tâm Học liệu Trường Đại học Cần Thơ